Wings of fire : tribes by picture - Statistics

General Stats
  • This quiz has been taken 426 times
  • The average score is 10 of 10
Answer Stats
Picture Answer % Correct
Sandwing
100%
Icewing
99%
Nightwing
99%
Seawing
99%
Mudwing
98%
Rainwing
98%
Leafwing
97%
Hive wing
95%
Silkwing
94%
Skywing
94%
No matching quizzes found
Score Distribution
Percent of People with Each Score
Percentile by Number Answered
Your Score History
You have not taken this quiz